000 01138nam a22003257a 4500
003 CHAP
005 20220329134929.0
008 971013s1983 r 00010 d
010 _a28248
011 _a29220
035 _a33331
040 _cCHAP
090 _aTesis
100 0 0 _aLanfranchi Vidal, Eduardo.
_964721
245 _aObservaciones estacionales sobre algunos parámetros reproductivos del ganado porcino en el Valle de México
260 _aMéxico, D.F. :
_bEl autor,
_c1983
300 _a65 h.
502 _aTesis (Médico Veterinario Zootecnista) -- UNAM. Fac. de Medicina Veterinaria y Zootecnis
590 _aALEPH
_b10
_c20130110
_lUCH01
_h1249
590 _aBATCH-UPD
_b10
_c20130110
_lUCH01
_h0150
590 _aBATCH-UPD
_b10
_c20130110
_lUCH01
_h1501
590 _aBATCH-UPD
_b10
_c20130410
_lUCH01
_h0923
590 _aBATCH-UPD
_b10
_c20130914
_lUCH01
_h1520
590 _aCONVERSION
_b10
_c20130109
_lUCH01
_h1316
650 1 4 _aGanado porcino
_xEfecto del medio ambiente.
_945359
650 1 4 _aGanado porcino
_xReproducción.
_945403
901 _aBK
942 _cTESIS
949 _bBC
_cTES
_d-77516
_eTS1
_i33331
_si
999 _c28248
_d28248